000 00326 a2200157 4500
001 175404
020 _a
040 _cMagnum
100 _aCheida, Luiz Eduardo
240 1 0 _aEcologia vivenciada
_lpor
245 1 0 _aEcologia vivenciada
300 _a55
440 1 _aFTD
697 _aEDUCAÇÃO AMBIENTAL
942 _cBK
999 _c175404
_d175404